000 00414cam a2200169 a 4500
020 _a0256221014
040 _cDLC
082 0 0 _a652 LRW 1996 A043 Or.
100 1 _aErickson, Fritz J.
245 1 0 _aEffective Word 7.0 /
260 _aChicago :
_bIrwin,
_cc1996.
300 _axvi, 160 p. :
_bill. ;
_c28 cm.
500 _aIncludes index.
650 0 _aWord processing.
700 1 _aVonk, John A.
942 _cEK
999 _c12931
_d12931